Loading...
| Current Events | 1 | 20.00 | 100% | 100% | 0% |
| Fine Arts - Classical Music | 3 | 13.33 | 100% | 33% | 0% |
| Fine Arts - Other Fine Arts | 7 | 10.00 | 86% | 14% | 0% |
| Fine Arts - Painting and Sculpture | 6 | 8.33 | 83% | 0% | 0% |
| Geography | 2 | 10.00 | 100% | 0% | 0% |
| History - American History | 3 | 13.33 | 100% | 33% | 0% |
| History - European History | 4 | 12.50 | 100% | 25% | 0% |
| History - Other History | 4 | 10.00 | 100% | 0% | 0% |
| History - World History | 5 | 12.00 | 100% | 20% | 0% |
| Literature - American Literature | 3 | 16.67 | 100% | 33% | 33% |
| Literature - British Literature | 3 | 13.33 | 100% | 33% | 0% |
| Literature - European Literature | 5 | 14.00 | 100% | 40% | 0% |
| Literature - World Literature | 4 | 15.00 | 100% | 25% | 25% |
| Mythology | 5 | 14.00 | 100% | 40% | 0% |
| Other Academic | 1 | 20.00 | 100% | 100% | 0% |
| Philosophy | 4 | 10.00 | 75% | 25% | 0% |
| Pop Culture | 1 | 30.00 | 100% | 100% | 100% |
| Religion | 6 | 16.67 | 100% | 50% | 17% |
| Science - Biology | 6 | 15.00 | 83% | 67% | 0% |
| Science - Chemistry | 7 | 12.86 | 100% | 29% | 0% |
| Science - Other Science | 6 | 21.67 | 100% | 83% | 33% |
| Science - Physics | 6 | 18.33 | 100% | 67% | 17% |
| Social Science | 4 | 10.00 | 100% | 0% | 0% |